[Event "40th Olympiad Open"]
[Site "Istanbul TUR"]
[Date "2012.08.30"]
[Round "3.38"]
[Board "4"]
[White "Averbukh, Alex"]
[Black "Ebeling, Daniel"]
[Result "1/2-1/2"]
[BlackTitle "FM"]
[WhiteElo "2211"]
[BlackElo "2350"]
[WhiteTeam "Japan"]
[BlackTeam "Finland"]
[WhiteFideId "2028255"]
[BlackFideId "505170"]
[EventDate "2012.08.28"]

1. e4 e5 2. Nf3 Nc6 3. Bb5 f5 4. Nc3 fxe4 5. Nxe4 Nf6 6. Qe2 d5 7. Ng3 Bd6 8.
Nxe5 O-O 9. Bxc6 bxc6 10. d4 Qe8 11. f4 a5 12. Bd2 Ba6 13. Qe3 c5 14. dxc5 Ng4
15. Nxg4 Bxf4 16. Qxe8 Raxe8+ 17. Kd1 Bxg3 18. hxg3 Be2+ 19. Kc1 Bxg4 20. Re1
Rxe1+ 21. Bxe1 Rf1 22. Kd2 Rg1 23. Ke3 Rxg2 24. Bxa5 Rxc2 25. b4 c6 26. Bc7 Rc4
27. a4 Bc8 28. Rb1 Kf7 29. Bd6 Bb7 30. Kd3 Ke8 31. Be5 g6 32. Bd4 Kd7 33. Rb2 h5
34. Bc3 Rg4 35. Be5 Rc4 36. Bc3 Rg4 37. Be5 Rc4 1/2-1/2

[Event "40th Olympiad Open"]
[Site "Istanbul TUR"]
[Date "2012.08.30"]
[Round "3.39"]
[Board "3"]
[White "Cossa, Pedro Ventura"]
[Black "Nezad, Husein Aziz"]
[Result "0-1"]
[BlackTitle "IM"]
[WhiteElo "1995"]
[BlackElo "2393"]
[WhiteTeam "Mozambique"]
[BlackTeam "Qatar"]
[WhiteFideId "14800071"]
[BlackFideId "12100293"]
[EventDate "2012.08.28"]

1. e4 e5 2. Nf3 Nc6 3. Nc3 Nf6 4. d3 Bc5 5. h3 h6 6. Be2 d6 7. O-O Be6 8. a3 Qd7
9. b4 Bb6 10. Na4 g5 11. Nxb6 axb6 12. b5 Ne7 13. c4 Ng6 14. Kh2 g4 15. Ng1 h5
16. f4 exf4 17. Bxf4 gxh3 18. gxh3 Nxf4 19. Rxf4 Qe7 20. Qf1 Rh6 21. d4 O-O-O
22. Re1 Rg8 23. e5 dxe5 24. dxe5 Nd7 25. Bd3 Qg5 26. Qf2 Nxe5 27. Bf5 Ng4+ 28.
hxg4 hxg4+ 29. Kg2 Rh2+ 30. Kg3 Qh4# 0-1

[Event "40th Olympiad Open"]
[Site "Istanbul TUR"]
[Date "2012.08.30"]
[Round "3.40"]
[Board "1"]
[White "Firat, Burak"]
[Black "Khader, Sami"]
[Result "1/2-1/2"]
[WhiteTitle "IM"]
[BlackTitle "IM"]
[WhiteElo "2423"]
[BlackElo "2392"]
[WhiteTeam "Turkey 2016"]
[BlackTeam "Jordan"]
[WhiteFideId "6305881"]
[BlackFideId "8100500"]
[EventDate "2012.08.28"]

1. e4 e6 2. d4 d5 3. Nc3 Bb4 4. e5 c5 5. a3 Bxc3+ 6. bxc3 Nc6 7. Qg4 g6 8. Nf3
Qa5 9. Bd2 Qa4 10. Ra2 c4 11. Be2 Bd7 12. Qh4 h6 13. Bg5 Rh7 14. O-O Rg7 15. Bd2
Nce7 16. h3 O-O-O 17. Nh2 g5 18. Qg3 Nf5 19. Qf3 Nh4 20. Qg3 Nf5 21. Qf3 Nh4 22.
Qg3 Nf5 1/2-1/2

[Event "40th Olympiad Open"]
[Site "Istanbul TUR"]
[Date "2012.08.30"]
[Round "3.40"]
[Board "2"]
[White "Samhouri, A."]
[Black "Ali Marandi, Cemil Can"]
[Result "1/2-1/2"]
[WhiteTitle "FM"]
[BlackTitle "FM"]
[WhiteElo "2373"]
[BlackElo "2362"]
[WhiteTeam "Jordan"]
[BlackTeam "Turkey 2016"]
[WhiteFideId "8100640"]
[BlackFideId "6300529"]
[EventDate "2012.08.28"]

1. d4 d5 2. c4 c6 3. Nc3 Nf6 4. Nf3 e6 5. Bg5 h6 6. Bxf6 Qxf6 7. e3 Nd7 8. Bd3
dxc4 9. Bxc4 g6 10. O-O Bg7 11. Qc2 O-O 12. Bb3 Qe7 13. Rad1 b6 14. e4 Bb7 15.
Rfe1 e5 16. d5 Rac8 17. Qe2 Rfd8 18. dxc6 Bxc6 19. Bd5 Nf6 20. Bxc6 Rxd1 21.
Rxd1 Rxc6 22. Qd3 Kh7 23. h3 Qe6 24. Qd8 Nh5 25. Qd7 a5 26. Qxe6 Rxe6 27. Rd7
Kg8 28. g3 Nf6 29. Rb7 Bf8 30. Nd2 Bc5 31. Kf1 Bd4 32. Ke2 Kg7 33. Rc7 Ne8 34.
Rc8 Nd6 35. Rc6 Rf6 36. Nf3 Nxe4 37. Rxf6 Nxf6 38. Nxd4 exd4 39. Nb5 1/2-1/2

[Event "40th Olympiad Open"]
[Site "Istanbul TUR"]
[Date "2012.08.30"]
[Round "3.40"]
[Board "3"]
[White "Dastan, Muhammed Batuhan"]
[Black "Mansour, Sameer"]
[Result "1-0"]
[WhiteTitle "FM"]
[BlackTitle "FM"]
[WhiteElo "2317"]
[BlackElo "2244"]
[WhiteTeam "Turkey 2016"]
[BlackTeam "Jordan"]
[WhiteFideId "6300014"]
[BlackFideId "8100144"]
[EventDate "2012.08.28"]

1. e4 c5 2. Nf3 Nc6 3. d4 cxd4 4. Nxd4 g6 5. c4 Bg7 6. Be3 Nf6 7. Nc3 d6 8. Be2
O-O 9. O-O Nxd4 10. Bxd4 a5 11. f4 Bd7 12. Bf3 Bc6 13. b3 Nd7 14. Bxg7 Kxg7 15.
Qd4+ Kg8 16. Rad1 Qc7 17. h4 Rfd8 18. h5 Qb6 19. Rfe1 Qxd4+ 20. Rxd4 Nc5 21. Rd2
Kf8 22. Kf2 e6 23. g3 Ke7 24. h6 f6 25. Bd1 g5 26. f5 e5 27. a3 b6 28. Bc2 Bb7
29. Red1 a4 30. bxa4 Bc6 31. Rb1 Bxa4 32. Bxa4 Nxa4 33. Nxa4 Rxa4 34. Rxb6 Rxc4
35. Rb7+ Rd7 36. Rb8 d5 37. Rxd5 Rc2+ 38. Kf3 Rc3+ 39. Kg4 Rxd5 40. exd5 Rxa3
41. Rb7+ Kd6 42. Rxh7 Ra4+ 43. Kh5 e4 44. Rf7 Ra1 45. Rxf6+ Kxd5 46. Re6 Ra7 47.
Kxg5 1-0

[Event "40th Olympiad Open"]
[Site "Istanbul TUR"]
[Date "2012.08.30"]
[Round "3.40"]
[Board "4"]
[White "Aboudi, Marwan"]
[Black "Emiroglu, Cankut"]
[Result "1/2-1/2"]
[BlackTitle "CM"]
[WhiteElo "2160"]
[BlackElo "2299"]
[WhiteTeam "Jordan"]
[BlackTeam "Turkey 2016"]
[WhiteFideId "8100160"]
[BlackFideId "6306659"]
[EventDate "2012.08.28"]

1. c4 Nf6 2. Nc3 e6 3. e4 d5 4. e5 d4 5. exf6 dxc3 6. bxc3 Qxf6 7. d4 e5 8. Nf3
exd4 9. Bg5 Qe6+ 10. Be2 Be7 11. Bxe7 Qxe7 12. cxd4 O-O 13. O-O Nc6 14. d5 Ne5
15. Nxe5 Qxe5 16. Bf3 Qd6 17. c5 Qxc5 18. Rc1 Qa5 19. Qe1 Qxe1 20. Rfxe1 c6 21.
Re7 a5 22. dxc6 bxc6 23. Bxc6 Rb8 24. Ra7 Be6 25. Rxa5 Rfc8 26. Rac5 Bxa2 27. h4
g6 28. Bd5 Rxc5 29. Rxc5 Bxd5 30. Rxd5 1/2-1/2

[Event "40th Olympiad Open"]
[Site "Istanbul TUR"]
[Date "2012.08.30"]
[Round "3.41"]
[Board "1"]
[White "Zambrana, Oswaldo"]
[Black "Eid, Fadi"]
[Result "1/2-1/2"]
[WhiteTitle "GM"]
[BlackTitle "IM"]
[WhiteElo "2471"]
[BlackElo "2377"]
[WhiteTeam "Bolivia"]
[BlackTeam "Lebanon"]
[WhiteFideId "3300200"]
[BlackFideId "5300118"]
[EventDate "2012.08.28"]

1. e4 e5 2. Nf3 Nf6 3. Nxe5 d6 4. Nf3 Nxe4 5. d4 Bg4 6. Bd3 Nf6 7. O-O Be7 8.
Re1 O-O 9. Nbd2 Nbd7 10. Nf1 c6 11. Ng3 Re8 12. h3 Bxf3 13. Qxf3 Qa5 14. c3 Bf8
15. Bd2 Rxe1+ 16. Bxe1 Re8 17. Bd2 g6 18. h4 a6 19. Ne4 Nxe4 20. Bxe4 Bg7 21.
Bd3 Nf6 22. Bg5 Qd5 23. Qxd5 Nxd5 24. Bd2 Nf6 25. a4 d5 26. f3 h5 27. Kf2 Kh7
28. Bg5 Nd7 29. b4 Nf8 30. g4 hxg4 31. fxg4 Bh6 32. Bxh6 Kxh6 33. g5+ Kg7 34.
Re1 Rxe1 35. Kxe1 f6 36. Bf1 Ne6 37. Bh3 f5 38. Kf2 b5 39. a5 1/2-1/2

[Event "40th Olympiad Open"]
[Site "Istanbul TUR"]
[Date "2012.08.30"]
[Round "3.41"]
[Board "2"]
[White "Khairallah, Faisal"]
[Black "Gemy, Jose Daniel"]
[Result "1/2-1/2"]
[WhiteTitle "FM"]
[BlackTitle "FM"]
[WhiteElo "2308"]
[BlackElo "2345"]
[WhiteTeam "Lebanon"]
[BlackTeam "Bolivia"]
[WhiteFideId "4628250"]
[BlackFideId "3301478"]
[EventDate "2012.08.28"]

1. d4 d5 2. c4 c6 3. Nf3 Nf6 4. e3 a6 5. Bd3 b5 6. b3 Bg4 7. Nbd2 Nbd7 8. Qc2
Bxf3 9. Nxf3 e6 10. O-O Bd6 11. Bb2 O-O 12. Ne5 Rc8 13. Rac1 Rc7 14. Qe2 Ne8 15.
a4 bxc4 16. bxc4 a5 17. cxd5 cxd5 18. Nc6 Qa8 19. Bb5 Nb8 20. Ne5 Rxc1 21. Rxc1
Nc7 22. Bc3 f6 23. Nd3 Nxb5 24. axb5 Rc8 25. Qa2 a4 26. Bd2 Rxc1+ 27. Nxc1 Nd7
28. Nd3 a3 29. e4 Kf7 30. exd5 Qxd5 31. Qxd5 exd5 32. Kf1 Nb6 33. Ke2 Nc4 34.
Bc3 a2 35. Kd1 Na3 36. b6 Nc4 37. b7 Na5 38. Nc5 Ke7 39. Kc2 Nc6 40. Kb2 Bxh2
41. g3 h5 42. Na6 g5 43. Nb4 Nb8 44. Nxd5+ Kf7 45. Ba5 Ke6 46. Bc7 Kxd5 47. Bxb8
Kc6 48. Be5 Kxb7 49. Bxf6 Bg1 50. f3 h4 51. gxh4 gxh4 52. Bxh4 1/2-1/2

[Event "40th Olympiad Open"]
[Site "Istanbul TUR"]
[Date "2012.08.30"]
[Round "3.41"]
[Board "3"]
[White "Cueto, Jonny"]
[Black "El Jawich, Amro"]
[Result "0-1"]
[WhiteTitle "IM"]
[BlackTitle "FM"]
[WhiteElo "2282"]
[BlackElo "2166"]
[WhiteTeam "Bolivia"]
[BlackTeam "Lebanon"]
[WhiteFideId "3300145"]
[BlackFideId "5300380"]
[EventDate "2012.08.28"]

1. d4 Nf6 2. Bf4 g6 3. e3 Bg7 4. Be2 O-O 5. Nf3 c5 6. O-O d6 7. h3 Nfd7 8. c3
Nc6 9. Bh2 b6 10. d5 Nce5 11. Nfd2 f5 12. c4 g5 13. Nc3 Ng6 14. f4 gxf4 15. exf4
Nf6 16. Qc2 e5 17. dxe6 Bxe6 18. Bf3 d5 19. Rae1 Bf7 20. g3 d4 21. Nd1 d3 22.
Qa4 Qd4+ 23. Kg2 Rae8 24. Qxa7 Ne4 25. Bg1 Qd6 26. Rxe4 fxe4 27. Nxe4 Qb8 28.
Qxb8 Rxb8 29. b3 Ne7 30. Ndf2 Ra8 31. a4 Rad8 32. Rd1 Nf5 33. Nxd3 Nd4 34. Bxd4
Rxd4 35. g4 Rfd8 36. Ndf2 Rxd1 37. Bxd1 Bd4 38. Nd3 Be8 39. Kg3 Bg7 40. Bc2 Bc6
41. Ndf2 Bd4 42. g5 Re8 43. Kg4 Bxf2 44. Nf6+ Kg7 45. Nxe8+ Bxe8 46. Be4 h6 47.
h4 h5+ 48. Kh3 Bd7+ 49. f5 Be1 50. Bd3 Bc6 51. Be2 Bd7 52. Bd3 Kf7 53. Bc2 Ke7
54. Be4 Kd6 55. g6 Ke7 56. Kg2 Kf6 57. Bf3 Bxf5 58. Bxh5 Bxg6 59. Kf1 Bxh4 60.
Bxg6 Kxg6 61. b4 cxb4 62. c5 b3 0-1

[Event "40th Olympiad Open"]
[Site "Istanbul TUR"]
[Date "2012.08.30"]
[Round "3.41"]
[Board "4"]
[White "Sakr, Nassim"]
[Black "Ferrufino, Boris"]
[Result "1-0"]
[WhiteTitle "CM"]
[BlackTitle "CM"]
[WhiteElo "2171"]
[BlackElo "2171"]
[WhiteTeam "Lebanon"]
[BlackTeam "Bolivia"]
[WhiteFideId "5300185"]
[BlackFideId "3300170"]
[EventDate "2012.08.28"]

1. e4 c5 2. Na3 Nc6 3. Bb5 Qc7 4. c3 Nf6 5. Qe2 a6 6. Ba4 b5 7. Bc2 e5 8. Nf3
Be7 9. O-O O-O 10. d3 h6 11. h3 Bb7 12. Nh4 b4 13. Nc4 Nxe4 14. dxe4 Bxh4 15.
Bxh6 Bf6 16. Qg4 d6 17. f4 exf4 18. Rxf4 Ne5 19. Qg3 Ng6 20. Rxf6 gxf6 21. h4
Kh7 22. Bxf8 Rxf8 23. e5 d5 24. Nd6 Kh8 25. exf6 Rd8 26. Qg5 Kh7 27. Qh5+ 1-0

[Event "40th Olympiad Open"]
[Site "Istanbul TUR"]
[Date "2012.08.30"]
[Round "3.42"]
[Board "1"]
[White "Adu, Oladapo"]
[Black "Lodhi, Mahmood"]
[Result "0-1"]
[WhiteTitle "IM"]
[BlackTitle "IM"]
[WhiteElo "2227"]
[BlackElo "2358"]
[WhiteTeam "Nigeria"]
[BlackTeam "Pakistan"]
[WhiteFideId "8500258"]
[BlackFideId "7800010"]
[EventDate "2012.08.28"]

1. Nf3 Nf6 2. g3 g6 3. Bg2 d5 4. O-O Bg7 5. d3 O-O 6. Nbd2 Nc6 7. e4 dxe4 8.
dxe4 a5 9. a4 Nd7 10. Nc4 b6 11. Qe2 Ba6 12. Rd1 Qc8 13. Bf4 Bxb2 14. e5 Bxa1
15. Rxa1 Nc5 16. Ng5 Nd4 17. Qd1 Rd8 18. Bh3 Bxc4 19. Bxc8 Ne2+ 0-1

[Event "40th Olympiad Open"]
[Site "Istanbul TUR"]
[Date "2012.08.30"]
[Round "3.42"]
[Board "2"]
[White "Qureshi, M.A."]
[Black "Bomo, Kigigha"]
[Result "1-0"]
[BlackTitle "CM"]
[WhiteElo "2190"]
[BlackElo "2046"]
[WhiteTeam "Pakistan"]
[BlackTeam "Nigeria"]
[WhiteFideId "5002753"]
[BlackFideId "8500037"]
[EventDate "2012.08.28"]

1. d4 Nf6 2. c4 e5 3. dxe5 Ng4 4. Bf4 Bb4+ 5. Nd2 Nc6 6. Nf3 Qe7 7. e3 Ngxe5 8.
Nxe5 Nxe5 9. Be2 O-O 10. O-O Bxd2 11. Qxd2 d6 12. Rac1 Bf5 13. Qc3 Rfe8 14. Rfd1
Ng6 15. Bg3 b6 16. b4 Rad8 17. Bf3 Ne5 18. Bd5 h5 19. h3 Ng6 20. Bc6 Rf8 21. Bf3
Qg5 22. Kh1 h4 23. Bh2 Be6 24. Bd5 c5 25. Rc2 Bc8 26. Rcd2 Qe7 27. Bf3 Ne5 28.
Bxe5 dxe5 29. Rxd8 Rxd8 30. Rxd8+ Qxd8 31. bxc5 Qe7 32. cxb6 axb6 33. Bd5 Bf5
34. Qb2 Qd6 35. Qb5 Kf8 36. Qa6 Bg6 37. a4 Qc7 38. Qa8+ Ke7 39. Qh8 Bc2 40. Qxg7
Bxa4 41. Qxf7+ Kd6 42. Qf6+ 1-0

[Event "40th Olympiad Open"]
[Site "Istanbul TUR"]
[Date "2012.08.30"]
[Round "3.43"]
[Board "1"]
[White "Melas, Renos"]
[Black "Kawuma, Patrick"]
[Result "0-1"]
[BlackTitle "CM"]
[WhiteElo "2108"]
[BlackElo "2209"]
[WhiteTeam "Cyprus"]
[BlackTeam "Uganda"]
[WhiteFideId "5900166"]
[BlackFideId "10000127"]
[EventDate "2012.08.28"]

1. d4 Nf6 2. c4 g6 3. Nc3 Bg7 4. e4 d6 5. Be2 O-O 6. Bg5 Na6 7. Qd2 e5 8. d5 Qe8
9. Bd1 Nd7 10. Ba4 f5 11. Nge2 Qf7 12. Bxd7 Bxd7 13. f3 Rac8 14. O-O f4 15. Nc1
h6 16. Bh4 g5 17. Bf2 h5 18. Nd3 g4 19. fxg4 hxg4 20. c5 Qg6 21. g3 Bh6 22. Qe1
Qh5 23. cxd6 cxd6 24. Bxa7 Nc5 25. Bxc5 dxc5 26. gxf4 exf4 27. e5 g3 28. hxg3
fxg3 29. Qxg3+ Kh8 30. Qh2 Bh3 31. Nf4 Rg8+ 32. Kh1 Bxf4 33. Rxf4 Bg2+ 0-1

[Event "40th Olympiad Open"]
[Site "Istanbul TUR"]
[Date "2012.08.30"]
[Round "3.43"]
[Board "2"]
[White "Wanyama, Harold"]
[Black "Lazaris, Stelios"]
[Result "1-0"]
[WhiteElo "2159"]
[BlackElo "1827"]
[WhiteTeam "Uganda"]
[BlackTeam "Cyprus"]
[WhiteFideId "10000380"]
[BlackFideId "5900425"]
[EventDate "2012.08.28"]

1. d4 Nf6 2. c4 g6 3. Nc3 Bg7 4. e4 d6 5. Nf3 O-O 6. Be2 c5 7. dxc5 dxc5 8. Be3
Nbd7 9. h3 e5 10. Qc2 a6 11. O-O Qc7 12. Rfd1 b6 13. Rd2 Bb7 14. Rad1 Rfe8 15.
Nh2 Nf8 16. Nd5 Bxd5 17. cxd5 Qd6 18. f3 Nh5 19. Nf1 Nf4 20. Bf2 Bh6 21. Ne3 Nd7
22. Bf1 b5 23. a4 c4 24. axb5 axb5 25. b3 cxb3 26. Qxb3 Ra3 27. Qxb5 Rb8 28. Qc6
Qxc6 29. dxc6 Nf8 30. Nc4 Raa8 31. Nb6 Rxb6 32. Bxb6 N4e6 33. Rc2 Nd4 34. Bxd4
exd4 35. c7 Rc8 36. Ba6 Be3+ 37. Kf1 1-0

[Event "40th Olympiad Open"]
[Site "Istanbul TUR"]
[Date "2012.08.30"]
[Round "3.43"]
[Board "3"]
[White "Constantinou, Pavlos"]
[Black "Emojong, Elijah"]
[Result "1-0"]
[BlackTitle "FM"]
[WhiteElo "2064"]
[BlackElo "2147"]
[WhiteTeam "Cyprus"]
[BlackTeam "Uganda"]
[WhiteFideId "5900328"]
[BlackFideId "10000402"]
[EventDate "2012.08.28"]

1. d4 d5 2. c4 c6 3. Nf3 Nf6 4. e3 g6 5. Nbd2 Bg7 6. Bd3 O-O 7. O-O Na6 8. Qe2
Nb4 9. Bb1 dxc4 10. Nxc4 c5 11. a3 Na6 12. Rd1 Be6 13. Bd3 cxd4 14. Nxd4 Bc8 15.
b4 Nc7 16. Bb2 Qe8 17. Rac1 Ncd5 18. Ne5 a6 19. Bc4 Nb6 20. Bb3 Ne4 21. Ndf3 Nd6
22. h4 a5 23. h5 gxh5 24. Ng5 h6 25. Ngxf7 Nxf7 26. Qxh5 e6 27. Nc4 Nxc4 28.
Bxg7 Kxg7 29. Rxc4 Ng5 30. Rc7+ Rf7 31. Bc2 Bd7 32. Qg6+ Kh8 33. Rdxd7 Rxd7 34.
Qxe8+ Rxe8 35. Rxd7 Rc8 36. Bg6 Rg8 37. Bb1 Rc8 38. Kh2 axb4 39. axb4 Rc4 40.
Rxb7 Rh4+ 41. Kg3 Rh1 42. Bg6 e5 43. b5 h5 44. f4 exf4+ 45. exf4 h4+ 46. Kg4 Ne6
47. Rh7+ Kg8 48. Rxh4 Rf1 49. g3 Kg7 50. Bd3 Rd1 51. Be4 Rd4 52. Bc6 Rb4 53. Rh5
Nd4 54. Rd5 Ne2 55. Rd2 Nd4 56. Kg5 Ne6+ 57. Kf5 Nd4+ 58. Ke5 Nxb5 59. Rd7+ Kf8
60. Bxb5 Rxb5+ 61. Ke4 Rb4+ 62. Kf5 Rb5+ 63. Kg4 Rb3 64. f5 Ke8 65. Ra7 Kf8 66.
Kf4 Rb4+ 67. Kg5 Kg8 68. g4 Rc4 69. Kh5 Rf4 70. Rb7 Kf8 71. Kg5 Ra4 72. f6 Rc4
73. Kf5 Kg8 74. g5 Rc8 75. Kg6 Rf8 76. Rg7+ Kh8 77. Rh7+ 1-0

[Event "40th Olympiad Open"]
[Site "Istanbul TUR"]
[Date "2012.08.30"]
[Round "3.43"]
[Board "4"]
[White "Bibasa, Bob"]
[Black "Antoniou, Antonis"]
[Result "1/2-1/2"]
[WhiteTitle "CM"]
[BlackTitle "CM"]
[WhiteElo "2213"]
[BlackElo "2205"]
[WhiteTeam "Uganda"]
[BlackTeam "Cyprus"]
[WhiteFideId "10000240"]
[BlackFideId "5900123"]
[EventDate "2012.08.28"]

1. e4 e5 2. f4 Bc5 3. Nf3 d6 4. c3 Bb6 5. d4 exd4 6. cxd4 Nf6 7. Nc3 h6 8. Be2
O-O 9. e5 dxe5 10. fxe5 Nd5 11. O-O Nc6 12. Kh1 Be6 13. a3 f6 14. exf6 Nxf6 15.
Be3 Qd7 16. Bg1 Rad8 17. Na4 Nd5 18. Nxb6 Nxb6 19. Rc1 Bd5 20. b4 Qd6 21. h3 a6
22. Bh2 Qe7 23. Ne5 Nxe5 24. Bxe5 c6 25. Qd3 Nd7 26. Bc7 Rc8 27. Bh2 Rxf1+ 28.
Rxf1 Rf8 29. Rxf8+ Nxf8 30. Bg4 Be6 31. Qe3 Qd7 32. Bf3 Bd5 33. Bg4 Be6 34. Bh5
Bf7 35. Bg4 Be6 36. Bh5 1/2-1/2

[Event "40th Olympiad Open"]
[Site "Istanbul TUR"]
[Date "2012.08.30"]
[Round "3.44"]
[Board "1"]
[White "Amonatov, Farrukh"]
[Black "Mueller, Leonhard"]
[Result "1-0"]
[WhiteTitle "GM"]
[BlackTitle "FM"]
[WhiteElo "2610"]
[BlackElo "2166"]
[WhiteTeam "Tajikistan"]
[BlackTeam "Namibia"]
[WhiteFideId "14700077"]
[BlackFideId "15200019"]
[EventDate "2012.08.28"]

1. e4 c5 2. Nf3 Nc6 3. d4 cxd4 4. Nxd4 Qb6 5. Nb3 Nf6 6. Nc3 e6 7. Qe2 Bb4 8.
Bd2 O-O 9. a3 Be7 10. O-O-O d5 11. e5 Nd7 12. f4 a6 13. Qh5 Qc7 14. Bd3 g6 15.
Qh6 Re8 16. h4 Bf8 17. Qg5 Bg7 18. h5 Nf8 19. hxg6 fxg6 20. Rh3 Qe7 21. Qg3 b5
22. Ne2 b4 23. a4 a5 24. Bb5 Bd7 25. Be3 Na7 26. Bxa7 Rxa7 27. Ned4 Rc8 28. Qe3
Raa8 29. Kb1 Bxb5 30. Nxb5 Nd7 31. Rdh1 Bh8 32. Rxh7 Qxh7 33. Rxh7 Kxh7 34. Qh3+
Kg7 35. Qxe6 Nf8 36. Qe7+ 1-0

[Event "40th Olympiad Open"]
[Site "Istanbul TUR"]
[Date "2012.08.30"]
[Round "3.44"]
[Board "2"]
[White "Nakapunda, Otto"]
[Black "Khusenkhojaev, Muhammad"]
[Result "0-1"]
[WhiteTitle "CM"]
[WhiteElo "2021"]
[BlackElo "2378"]
[WhiteTeam "Namibia"]
[BlackTeam "Tajikistan"]
[WhiteFideId "15200027"]
[BlackFideId "14700247"]
[EventDate "2012.08.28"]

1. d4 Nf6 2. c4 e6 3. Nf3 b6 4. Nc3 Bb7 5. a3 d5 6. Bg5 Be7 7. e3 h6 8. Bf4 O-O
9. Bd3 Nbd7 10. O-O c5 11. Qe2 Nh5 12. Bg3 Nxg3 13. hxg3 dxc4 14. Bxc4 Bf6 15.
Rfd1 cxd4 16. Nxd4 Qe7 17. Rac1 a6 18. Ba2 b5 19. Bb1 Rac8 20. Ndxb5 axb5 21.
Qd3 g6 22. Qxd7 Qxd7 23. Rxd7 Bd5 24. Bd3 Rc5 25. Ra1 Bxc3 26. bxc3 Rb8 27. Rc1
Ra8 28. Ra1 Kg7 29. Be2 Ra5 30. Bf3 Bb3 31. Rb7 Rxc3 32. Be2 Rc5 33. Kf1 Bd5 34.
Rb6 h5 35. Rb1 Ba2 36. Ra1 Rxa3 37. Ke1 Rc2 38. Bxb5 Rac3 39. Be2 Bd5 40. Bf3
Rd3 41. Bd1 Rc7 42. Be2 Rdc3 43. Bf3 Bc4 44. Rb2 e5 45. Be2 Bd5 46. Bf3 e4 47.
Bd1 Be6 48. Be2 Rc1+ 49. Rxc1 Rxc1+ 50. Kd2 Rg1 51. Rb4 Bf5 52. Bc4 Rxg2 53. Ke1
Rg1+ 54. Kd2 g5 55. Bd5 h4 56. gxh4 gxh4 57. Bxe4 Rg4 58. f3 h3 59. Bxf5 Rxb4
60. Bxh3 Kh6 61. Kd3 Kg5 62. Bg4 f5 63. Bh3 Rb5 64. e4 f4 65. Kd4 Kf6 66. Bg4
Re5 67. Kc4 Re8 68. Kd5 Rd8+ 69. Kc6 Ke5 70. Kc7 Rg8 0-1

[Event "40th Olympiad Open"]
[Site "Istanbul TUR"]
[Date "2012.08.30"]
[Round "3.45"]
[Board "2"]
[White "Fonseca Cabrera, Ernesto"]
[Black "Brunello, Sabino"]
[Result "0-1"]
[BlackTitle "GM"]
[WhiteElo "2211"]
[BlackElo "2586"]
[WhiteTeam "Nicaragua"]
[BlackTeam "Italy"]
[WhiteFideId "6101046"]
[BlackFideId "813613"]
[EventDate "2012.08.28"]

1. Nf3 d5 2. d4 c6 3. c4 e6 4. cxd5 exd5 5. Nc3 Bf5 6. Qb3 Qb6 7. Bf4 Nf6 8. e3
Qxb3 9. axb3 Nbd7 10. Be2 Bb4 11. O-O O-O 12. h3 Rfe8 13. Rfc1 h6 14. Na2 Bf8
15. b4 a6 16. Nd2 Ne4 17. Nb3 Bd6 18. Bxd6 Nxd6 19. Nc5 Nf6 20. Nc3 Rad8 21. Bf1
Re7 22. Rd1 g5 23. g3 Kg7 24. Nd3 Nd7 25. Kh2 Nf8 26. Be2 Rde8 27. Rg1 Nc4 28.
Nd1 Nd2 29. Nc5 b6 30. Na4 Nb3 31. Ra3 Nxd4 32. exd4 Rxe2 33. Nac3 Rd2 34. Rxa6
Ne6 35. Ne3 Bg6 36. Rd1 Rxf2+ 37. Kg1 Rxb2 38. Rxb6 Nxd4 0-1

[Event "40th Olympiad Open"]
[Site "Istanbul TUR"]
[Date "2012.08.30"]
[Round "3.45"]
[Board "3"]
[White "Vocaturo, Daniele"]
[Black "Madrigal, Mariano"]
[Result "1-0"]
[WhiteTitle "GM"]
[WhiteElo "2542"]
[BlackElo "2155"]
[WhiteTeam "Italy"]
[BlackTeam "Nicaragua"]
[WhiteFideId "813192"]
[BlackFideId "6100961"]
[EventDate "2012.08.28"]

1. e4 c5 2. Nf3 Nc6 3. d4 cxd4 4. Nxd4 g6 5. c4 Nf6 6. Nc3 Nxd4 7. Qxd4 d6 8.
Be2 Bg7 9. Be3 O-O 10. Qd2 Be6 11. O-O Nd7 12. Rac1 Nc5 13. f3 a5 14. b3 Qb6 15.
Nb5 Rfc8 16. Rfd1 Qd8 17. Bf1 Qf8 18. Kh1 h6 19. Rc2 Kh7 20. Qe1 Bd7 21. Rf2 Bc6
22. Bc1 Qh8 23. Re2 Ne6 24. Qh4 Bxb5 25. cxb5 g5 26. Qh5 Kg8 27. Red2 Be5 28.
Bc4 Qf6 29. Qg4 a4 30. Rf2 axb3 31. axb3 Qg6 32. f4 Rxc4 33. bxc4 Nxf4 34. Qf3
Ne6 35. Bb2 g4 36. Qf5 Qxf5 37. exf5 Bxb2 38. Rxb2 Nc5 39. Re2 Kf8 40. g3 Ra4
41. Rd4 h5 42. Kg2 Ra3 43. h3 gxh3+ 44. Kxh3 b6 45. Kh4 Nd7 46. Rde4 Ne5 47. Rg2
Ng4 48. Rge2 Ne5 49. R4e3 Ra1 50. Kxh5 f6 51. Re4 Rh1+ 52. Rh4 Rf1 53. g4 Kf7
54. Re4 Ra1 55. Rh3 Nf3 56. Rxe7+ Kxe7 57. Rxf3 Kf7 58. Kh4 Ra4 59. Rd3 Ke7 60.
Re3+ Kf7 61. Re6 Ra2 1-0

[Event "40th Olympiad Open"]
[Site "Istanbul TUR"]
[Date "2012.08.30"]
[Round "3.45"]
[Board "4"]
[White "Alfaro, William"]
[Black "Dvirnyy, Daniyyl"]
[Result "0-1"]
[WhiteTitle "FM"]
[BlackTitle "IM"]
[WhiteElo "2129"]
[BlackElo "2520"]
[WhiteTeam "Nicaragua"]
[BlackTeam "Italy"]
[WhiteFideId "6100457"]
[BlackFideId "817570"]
[EventDate "2012.08.28"]

1. d4 Nf6 2. Nf3 g6 3. c4 Bg7 4. g3 d5 5. Bg2 dxc4 6. Na3 c3 7. bxc3 O-O 8. O-O
c5 9. e3 Nc6 10. Qe2 Bf5 11. Bb2 e5 12. Nc4 e4 13. Nfe5 Nxe5 14. Nxe5 Nd7 15.
Nc4 Qe7 16. Rfd1 Nf6 17. h3 Rfd8 18. a4 Rac8 19. Rdc1 h5 20. a5 Qe6 21. Kh2 Nh7
22. Nd2 Ng5 23. Qf1 Bf8 24. Ba3 cxd4 25. Bxf8 dxe3 26. Bh6 exd2 27. Rd1 e3 28.
fxe3 Ne4 29. Bxe4 Bxe4 30. Ra2 Kh7 31. Raa1 Kg8 32. Bg5 0-1

[Event "40th Olympiad Open"]
[Site "Istanbul TUR"]
[Date "2012.08.30"]
[Round "3.46"]
[Board "1"]
[White "Dervishi, Erald"]
[Black "Croes, Octavio"]
[Result "1-0"]
[WhiteTitle "GM"]
[BlackTitle "CM"]
[WhiteElo "2538"]
[BlackElo "1915"]
[WhiteTeam "Albania"]
[BlackTeam "Aruba"]
[WhiteFideId "4700236"]
[BlackFideId "1007220"]
[EventDate "2012.08.28"]

1. e4 c5 2. Nf3 d6 3. d4 cxd4 4. Nxd4 Nf6 5. Nc3 a6 6. Be2 e6 7. a4 Be7 8. O-O
O-O 9. Kh1 b6 10. f4 Bb7 11. Bf3 Nbd7 12. Qe2 Qc7 13. Be3 Rac8 14. Rad1 Rfd8 15.
Bf2 Qc4 16. Qxc4 Rxc4 17. e5 dxe5 18. fxe5 Nd5 19. Nxd5 Bxd5 20. Bxd5 exd5 21.
b3 Rcc8 22. Nf5 Bf8 23. Rxd5 Nc5 24. Nd6 Rc6 25. a5 Ne4 26. Bxb6 Rd7 27. c4 Bxd6
28. exd6 Rcxd6 29. Rxd6 Rxd6 30. b4 Nd2 31. Rc1 Nb3 32. Re1 f5 33. b5 axb5 34.
cxb5 Kf7 35. a6 1-0